00261nam a22001097a 4500041000800000082001300008100001900021245002900040260005500069300001000124650001700134 aENG a230bASH aAshish Raichur aGifts of the Holy Spirit aBanglorebAll People Chruch & World Outreachc2018 a224 P aChristianity